000 01996cam a22004814i 4500
003 PE-LiUPU
005 20250731173430.0
008 150706s r 000 0 d
020 _a9788482676647
035 _a(Sirsi) i9788482676647
040 _aPE-LiUPU
_bspa
_cPE-LiUPU
_erda
049 _aPRUA
082 0 4 _a261.85
_bH21
_221
100 1 _aHanks, Tom,
_eautor.
245 1 3 _aEl evangelio subversivo :
_bbuenas nuevas para los pobre, marginados y oprimidos. comentario Exegético Social del Nuevo testamento /
_cTom Hanks.
264 1 _aVilladecavalis, Barcelona :
_bCLIE,
_c2012.
300 _a382 páginas ;
_c24 cm.
336 _atext
_2rdacontent
337 _aunmediated
_2rdamedia
338 _avolume
_2rdacarrier
504 _aIncluye bibliografía.
505 0 _aEl Nuevo Testamento -- Mateo: un publicano anuncia buenas noticias para los eunucos y las prostitutas -- Marcos: Buenas noticias para enfermos y discapacitados -- Lucas: Buenas noaticias para las/los pobres y las mujeres -- Juan: el discípulo amado subvierte el literalismo fundamentalista -- Praxis (Hechos) de los Apóstoles: parejas diferentes colaboran en misión -- .
526 _aSEG42
526 _aSEG41
526 _aSEG40
526 _aSEG39
526 _aP94
526 _aP87
526 _aP86
526 _aP85
526 _aP77
526 _aP76
526 _aP35
541 _g001-0000626;
630 _aBiblia.
_pN.T.
_xComentarios.
650 0 4 _aMarginados sociales en la Biblia.
910 _a
942 _2ddc
_cBOOK
949 _a261.85 H21
_wDEWEY
_c1
_i67069
_lCCODEBUL1
_mBUL
_p28.00
_r0
_sY
_tBOOK
_u2015-7-6
_xTEOLOGIA
_PP35
_o.STAFF. Colección General
994 _aC0
_bPEPRU
596 _a1
999 _a261.85 H21
_wDEWEY
_c54777
_i67069
_d54777
_f2021-11-10
_g5
_lCCODEBUL1
_mBUL
_p28.00
_q1
_r0
_sY
_tBOOK
_u2015-7-6
_xTEOLOGIA
_PP35
_0COMPRA
_o.STAFF. Colección General
980 _81
_gALBERTO SANCHEZ Responsable de Automatización